000 004330000a22001690004500
041 0 _aSPA
082 0 4 _aG 158.1 V715p
100 1 _aVillamar Fernández, Wiston
245 1 0 _aLa persona más maravillosa / Winston Villamar Fernández
300 _a120 Pag.
650 1 4 _aAUTOESTIMA
001 983
942 _cBK
999 _c32364
_d32364
336 _atexto
_btxt
_2rdacontent
337 _2rdamedia
_asin mediación
_bn
338 _2rdacarrier
_avolumen
_bnc